00486nam a2200157Ia 4500003000900000008004100009040001600050080002000066100001500086245009500101260003500196300001400231650004100245650002600286650001600312IN-BaIIA211028s9999 xx 000 0 eng d cIIA Library a53.08(035)bSUM aSummer, W. 0aPhysical laboratory handbookcW. Summer  aLondonbSir Isaac Pitmanc1966 axi, 610p. aAstronomy and astrophysics thesaurus aHandbooks - materials aInstruments